000 01340cam a2200385 i 4500
001 7940
003 KOSZ 005
005 20200714131018.0
008 070827s1969 pl a f 001 0 pol
015 _aPB 1969/8738
040 _aWA N
_cKOSZ 005/RW
_dKOSZ 005/RW
_dKOSZ 005/HR
041 1 _apol
_heng
046 _k1969
080 _a62:001
080 _a005
080 _a338
100 1 _aSeiler, Robert E.
_eAutor
245 1 0 _aBadania Naukowe i prace rozwojowe :
_bmetody zarządzania i ocena efektywności /
_cRobert E. Seiler ; tł. Zbigniew Ostrowski, Antoni Szepieniec.
246 1 _iTyt. oryg.:
_aImproving the effectiveness of research and development.
260 _aWarszawa :
_bWydawnictwa Naukowo Techniczne,
_c1969.
300 _a209 s. :
_bil. ;
_c24 cm.
380 _aKsiążki
388 _a1901-2000
504 _aIndeks.
650 4 _aBadania naukowe
651 _aStany Zjednoczone (USA)
658 _aNauka i badania
650 4 _aPrzemysł
650 4 _aZysk
700 1 _aOstrowski, Zbigniew.
_eTłumaczenie
700 1 _aSzepieniec, Antoni.
_eTłumaczenie
710 2 _aWydawnictwa Naukowo-Techniczne
_4pbl.
856 _uhttp://koha.tu.koszalin.pl/cgi-bin/koha/opac-detail.pl?biblionumber=7940
_yKatalog online BPK
942 _2UKD
_cKS
999 _c7940
_d7940